00541nam a2200157Ia 4500008004100000082001000041100002400051245005300075260003800128300000800166365000700174520004800181630005300229650004800282730005300330100917s9999 xx 000 0 und d b49903 aभट म. दा. aसंचित दर्शन (आ. 2 री.) bके वा. जोशीc1965 a224 b15 aगुढविद्या , ज्यो. aसंचित दर्शन (आ. 2 री.) aगुढविद्या , ज्यो. aसंचित दर्शन (आ. 2 री.)